Türkiye'de siyasal parti üyeliği ve katılım (Record no. 13084)

MARC details
000 -BAŞLIK
Sabit Uzunlukta Kontrol Alanı 01060na a2200349 4500
999 ## - SİSTEM KONTROL NUMARALARI (KOHA)
Koha Biblionumber 13084
Koha Biblioitemnumber 13084
001 - KONTROL NUMARASI
Denetim Alanı 15335
003 - KONTROL NUMARASI IDENTIFIER
Denetim Alanı MIRAKIL
005 - SON İŞLEM TARİHİ VE ZAMANI
Denetim Alanı 20190327152932.0
008 - SABİT-BOY VERİ ELEMANLARI - GENEL BİLGİLER
Sabit Uzunlukta Kontrol Alanı 161024b tu 000 0
020 ## - ULUSLARARASI STANDART KİTAP NUMARASI
Uluslararası Standart Kitap Numarası 9786055679439
035 ## - SİSTEM KONTROL NUMARASI
Sistem Kontrol Numarası 15335
040 ## - KATALOGLAMA KAYNAK
Orijinal Kataloglama Ajansı Milas
Kataloglama Dili tur
Metne Dönüştürmek Ajansı TR-AnCHP
041 ## - DİL KODU
Metin / Ses Parça Veya Ayrı Başlığın Dil Kodu tur
082 ## - DEWEY ONLU SINIFLANDIRMA NUMARASI
Sınıflandırma Numarası 324.21
Ürün Numarası T67t 2010
090 ## - SINIFLAMA NUMARASI
Sınıflama Numarası 324.21 T67t 2010
100 ## - ANA GİRİŞ - KİŞİSEL İSİM
Kişisel Ad Tosun, Tanju
245 ## - BAŞLIK TABLOSU
Başlık Türkiye'de siyasal parti üyeliği ve katılım
Sorumluluk Tablosu, Vb Tanju Tosun, Gülgün Erdoğan Tosun
260 ## - YAYIN, DAĞITIM, VB
Yayın, Dağıtım, Vb Yeri İstanbul
Yayıncı, Dağıtıcı, Vs Adı Kalkedon Yayınları
Yayın, Dağıtım, Vb Tarihi 2010
300 ## - FİZİKSEL TANIM
Kapsam ix, 200 s.
Diğer Fiziksel Ayrıntıları tbl.
Boyutlar 21 sm.
490 ## - SERİSİ TABLOSU
Seri Beyanı Sodev Kitaplığı
Hacim / Ardışık Tanımı 8
490 ## - SERİSİ TABLOSU
Seri Beyanı Kalkedon Yayınları
Hacim / Ardışık Tanımı 116
504 ## - KAYNAKÇA VB NOT
Kaynakça Vb Notu Kaynakça var.
650 ## - KONU KATMA GİRİŞ - TOPİKAL DÖNEM
Topikal Süreli Veya Coğrafi Ad Giriş Elemanı Siyasal katılım
Genel Alt Bölümü Tarih
Coğrafi Alt Bölümü Türkiye
650 ## - KONU KATMA GİRİŞ - TOPİKAL DÖNEM
Topikal Süreli Veya Coğrafi Ad Giriş Elemanı Parti üyeliği
Genel Alt Bölümü Hukuk ve mevzuat
Coğrafi Alt Bölümü Türkiye
650 ## - KONU KATMA GİRİŞ - TOPİKAL DÖNEM
Topikal Süreli Veya Coğrafi Ad Giriş Elemanı Siyasal partiler
Genel Alt Bölümü Hukuk ve mevzuat
Coğrafi Alt Bölümü Türkiye
650 ## - KONU KATMA GİRİŞ - TOPİKAL DÖNEM
Topikal Süreli Veya Coğrafi Ad Giriş Elemanı Siyasal katılım
Coğrafi Alt Bölümü Türkiye
651 ## - KONU KATMA GİRİŞ - COĞRAFİ ADI
Coğrafi İsim Türkiye
Genel Alt Bölümü Siyaset ve yönetim
700 ## - KATMA GİRİŞ - KİŞİSEL İSİM
Kişisel Ad Erdoğan Tosun, Gülgün
942 ## - EKLENDİ GİRİŞ ELEMANLARI (KOHA)
Koha Öğesi Türü Books
Sınıflandırma Veya Raf Düzeni Kaynak Dewey Decimal Classification
999 ## - SİSTEM KONTROL NUMARALARI (KOHA)
Koha Biblioitemnumber 13084
999 ## - SİSTEM KONTROL NUMARALARI (KOHA)
Koha Biblioitemnumber 8204
Holdings
Kalıcı Konum Mevcut Konum Edinme Tarihi Toplam Check-Out'Lar Tam Çağrı Numarası Barkod Tarih Son Görülme İtibaren Geçerli Fiyatlar Koha Öğesi Türü
Parti Okulu Kütüphanesi Parti Okulu Kütüphanesi 03/27/2019   324.21 T67t 2010 P00452 03/27/2019 03/27/2019 Books